| 000 | 01249cam a2200349 a 4500 | ||
|---|---|---|---|
| 001 | 22209 | ||
| 003 | VRT | ||
| 005 | 20260323133606.0 | ||
| 008 | 160314s1994 xo 0000f slo | ||
| 015 | _aSNBA1994/11 | ||
| 020 |
_a8071181242 _c99 Sk |
||
| 035 | _aSNK000019677 | ||
| 039 | 9 |
_a202202271033 _bcsnk01 _c202202271021 _dcsnk01 _c202202271021 _dcsnk01 _c202202271017 _dAUTHORITY |
|
| 040 |
_aSNK _bslo _cSNK _eAACR2 |
||
| 041 | 1 |
_aslo _heng |
|
| 044 |
_axo _cSK |
||
| 080 |
_a820 (73)-3 _21981 |
||
| 100 | 1 |
_aBockoven, Georgia, _d1943- _4aut |
|
| 240 | 1 | 4 |
_aThe way it should have been _lSlovensky |
| 245 | 0 |
_aAko to malo byť _cGeorgia Bockovenová ; z anglického originálu The way it should have been ... preložila Alžbeta Štofková |
|
| 250 | _a1. vyd. | ||
| 260 |
_aBratislava _bIkar _c1994 _eBanská Bystrica _fTlačiarne BB |
||
| 300 |
_a255 s. _c21 cm |
||
| 655 | 7 |
_aamerické romány _2SNKPH |
|
| 700 | 1 |
_aŠtofková, Alžbeta _4trl |
|
| 910 | _asnk | ||
| 942 |
_2ddc _cKLDO _n0 |
||
| 949 |
_617A0087851 _9P60, <05>, [BOOK], {605} _asnkSC 86553 D1 |
||
| 949 |
_6270001000065498 _asvkbbA 86899 _bsvkbbm 587247 |
||
| 949 |
_6273K0210550 _asvkpoA 163780 _bsvkpo404920 _oPV 4315/94 |
||
| 949 |
_63869A13276 _abpksh821.111(73)-31 _bbpksh62341 |
||
| 999 |
_c22209 _d22209 |
||